000 nam a22 7a 4500
999 _c54069
_d54069
003 OSt
005 20220728155917.0
008 220728b xxu||||| |||| 00| 0 eng d
040 _cIIMT UNIVERSITY
100 _aGEETA PRESS GORAKHPUR
245 _aKALYAN
260 _aGORAKHPUR
_bGEETA PRESS
_c000
300 _a412
942 _2ddc
_c09